000 01879cam a2200469 4500
003 PE-LiUPU
005 20250731184559.0
020 _a0837901421
035 _a(Sirsi) i9780837901428
035 _a(Sirsi) 15207
035 _a(Sirsi) 15207
041 _aen
044 _aus
082 0 4 _a920.02
_bM262
100 1 _aMarquis Who's Who, Inc.
245 _aWho's Who in America
_n2
_n2.
264 1 _aChicago, Illinois :
_bMarquis Who's Who,
_c1982
300 _aP. 1900-3810 ;
_c30 cm.
505 0 _aStandards of admission -- Key to information in this directory -- Table of abbreviations -- Alphabetical practices -- Biographies -- Retiree index -- Necrology -- Biographees in Marquis Who's Who regional directories.
526 _aP136
526 _aP135
526 _aP134
526 _aP133
526 _aP144
526 _aP143
526 _aP87
526 _aP35
526 _aP20
526 _aP14
526 _aP10
526 _aP06
650 1 4 _aEstados Unidos
_xBiografías
942 _2ddc
_cBOOK
949 _a920.02 M262
_i30199
_lCCODEBUL1
_mBUL
_tLIBRO
_o.STAFF. Circulación
859 _q30199
_h920.02
_iM262
910 _aaj-em
596 _a1
999 _a920.02 M26 1
_wDEWEY
_c53729
_i30200
_f2021-11-8
_g5
_lCCODEBUL1
_mBUL
_r0
_sY
_tBOOK
_u2015-4-23
_xBIBLIOTECA
_zUNKNOWN
_0COMPRA
_o.STAFF. Colección General
_d53729
999 _a920.02 M26 1
_wDEWEY
_c2
_i30198
_f2021-11-8
_g5
_lCCODEBUL1
_mBUL
_r0
_sY
_tBOOK
_u2015-6-16
_xBIBLIOTECA
_PP20
_0COMPRA
_o.STAFF. Colección General
999 _a920.02 M26 2
_wDEWEY
_c1
_i30201
_f2021-11-8
_g6
_lCCODEBUL1
_mBUL
_r0
_sY
_tBOOK
_u2015-4-23
_xBIBLIOTECA
_zUNKNOWN
_0COMPRA
_o.STAFF. Colección General
999 _a920.02 M26 2
_wDEWEY
_c2
_i30199
_f2021-11-8
_g5
_lCCODEBUL1
_mBUL
_r0
_sY
_tBOOK
_u2015-6-16
_xBIBLIOTECA
_PP20
_0COMPRA
_o.STAFF. Colección General
980 _81
_gALBERTO SANCHEZ Responsable de Automatización